<?xml version="1.0" encoding="UTF-8"?>
<record
    xmlns:xsi="http://www.w3.org/2001/XMLSchema-instance"
    xsi:schemaLocation="http://www.loc.gov/MARC21/slim http://www.loc.gov/standards/marcxml/schema/MARC21slim.xsd"
    xmlns="http://www.loc.gov/MARC21/slim">

  <leader>00418nam a22001697a 4500</leader>
  <controlfield tag="005">20180226123226.0</controlfield>
  <controlfield tag="008">160521b        xxu||||| |||| 00| 0 eng d</controlfield>
  <datafield tag="020" ind1=" " ind2=" ">
    <subfield code="a">81-219-0298-3</subfield>
  </datafield>
  <datafield tag="041" ind1=" " ind2=" ">
    <subfield code="a">eng</subfield>
  </datafield>
  <datafield tag="082" ind1=" " ind2=" ">
    <subfield code="b">4008</subfield>
    <subfield code="a">330.954</subfield>
  </datafield>
  <datafield tag="100" ind1=" " ind2=" ">
    <subfield code="a">Ruddar Datt K.P.M. Sundharam</subfield>
    <subfield code="9">997</subfield>
  </datafield>
  <datafield tag="245" ind1=" " ind2=" ">
    <subfield code="a">Indian Economics</subfield>
  </datafield>
  <datafield tag="260" ind1=" " ind2=" ">
    <subfield code="a">New Delhi</subfield>
    <subfield code="b">Sultan Chand &amp; Sons, </subfield>
  </datafield>
  <datafield tag="300" ind1=" " ind2=" ">
    <subfield code="a">984</subfield>
  </datafield>
  <datafield tag="650" ind1=" " ind2=" ">
    <subfield code="a">Management</subfield>
    <subfield code="9">241</subfield>
  </datafield>
  <datafield tag="942" ind1=" " ind2=" ">
    <subfield code="c">BK</subfield>
  </datafield>
  <datafield tag="999" ind1=" " ind2=" ">
    <subfield code="c">1359</subfield>
    <subfield code="d">1359</subfield>
  </datafield>
  <datafield tag="952" ind1=" " ind2=" ">
    <subfield code="0">0</subfield>
    <subfield code="1">0</subfield>
    <subfield code="4">0</subfield>
    <subfield code="7">0</subfield>
    <subfield code="8">MANAGEMENT</subfield>
    <subfield code="a">JRU</subfield>
    <subfield code="b">JRU</subfield>
    <subfield code="c">SHELF-58-E</subfield>
    <subfield code="d">2016-05-21</subfield>
    <subfield code="e">PURCHASE</subfield>
    <subfield code="g">400.00</subfield>
    <subfield code="l">0</subfield>
    <subfield code="o">330.954</subfield>
    <subfield code="p">4008</subfield>
    <subfield code="r">2016-05-21 00:00:00</subfield>
    <subfield code="w">2016-05-21</subfield>
    <subfield code="y">BK</subfield>
  </datafield>
  <datafield tag="952" ind1=" " ind2=" ">
    <subfield code="0">0</subfield>
    <subfield code="1">0</subfield>
    <subfield code="4">0</subfield>
    <subfield code="7">0</subfield>
    <subfield code="8">MANAGEMENT</subfield>
    <subfield code="a">JRU</subfield>
    <subfield code="b">JRU</subfield>
    <subfield code="c">SHELF-58-E</subfield>
    <subfield code="d">2016-05-21</subfield>
    <subfield code="e">PURCHASE</subfield>
    <subfield code="g">400.00</subfield>
    <subfield code="l">0</subfield>
    <subfield code="o">330.954</subfield>
    <subfield code="p">4009</subfield>
    <subfield code="r">2019-12-02 00:00:00</subfield>
    <subfield code="w">2016-05-21</subfield>
    <subfield code="y">BK</subfield>
  </datafield>
  <datafield tag="952" ind1=" " ind2=" ">
    <subfield code="0">0</subfield>
    <subfield code="1">0</subfield>
    <subfield code="4">0</subfield>
    <subfield code="7">0</subfield>
    <subfield code="8">MANAGEMENT</subfield>
    <subfield code="a">JRU</subfield>
    <subfield code="b">JRU</subfield>
    <subfield code="c">SHELF-58-D</subfield>
    <subfield code="d">2016-05-21</subfield>
    <subfield code="e">PURCHASE</subfield>
    <subfield code="g">400.00</subfield>
    <subfield code="l">0</subfield>
    <subfield code="o">330.954</subfield>
    <subfield code="p">4010</subfield>
    <subfield code="r">2016-05-21 00:00:00</subfield>
    <subfield code="w">2016-05-21</subfield>
    <subfield code="y">BK</subfield>
  </datafield>
  <datafield tag="952" ind1=" " ind2=" ">
    <subfield code="0">0</subfield>
    <subfield code="1">0</subfield>
    <subfield code="4">0</subfield>
    <subfield code="7">0</subfield>
    <subfield code="a">JRU</subfield>
    <subfield code="b">MAIN</subfield>
    <subfield code="c">SHELF-28-C</subfield>
    <subfield code="d">2016-05-21</subfield>
    <subfield code="g">400.00</subfield>
    <subfield code="l">0</subfield>
    <subfield code="o">330.954</subfield>
    <subfield code="p">4011</subfield>
    <subfield code="r">2016-05-21 00:00:00</subfield>
    <subfield code="w">2016-05-21</subfield>
    <subfield code="y">BK</subfield>
  </datafield>
  <datafield tag="952" ind1=" " ind2=" ">
    <subfield code="0">0</subfield>
    <subfield code="1">0</subfield>
    <subfield code="4">0</subfield>
    <subfield code="7">0</subfield>
    <subfield code="8">MANAGEMENT</subfield>
    <subfield code="a">JRU</subfield>
    <subfield code="b">JRU</subfield>
    <subfield code="c">SHELF-58-D</subfield>
    <subfield code="d">2016-05-21</subfield>
    <subfield code="e">PURCHASE</subfield>
    <subfield code="g">400.00</subfield>
    <subfield code="l">0</subfield>
    <subfield code="o">330.954</subfield>
    <subfield code="p">4012</subfield>
    <subfield code="r">2016-05-21 00:00:00</subfield>
    <subfield code="w">2016-05-21</subfield>
    <subfield code="y">BK</subfield>
  </datafield>
  <datafield tag="952" ind1=" " ind2=" ">
    <subfield code="0">0</subfield>
    <subfield code="1">0</subfield>
    <subfield code="4">0</subfield>
    <subfield code="7">0</subfield>
    <subfield code="8">MANAGEMENT</subfield>
    <subfield code="a">JRU</subfield>
    <subfield code="b">JRU</subfield>
    <subfield code="c">SHELF-58-D</subfield>
    <subfield code="d">2016-05-21</subfield>
    <subfield code="e">PURCHASE</subfield>
    <subfield code="g">400.00</subfield>
    <subfield code="l">0</subfield>
    <subfield code="o">330.954</subfield>
    <subfield code="p">4013</subfield>
    <subfield code="r">2016-05-21 00:00:00</subfield>
    <subfield code="w">2016-05-21</subfield>
    <subfield code="y">BK</subfield>
  </datafield>
  <datafield tag="952" ind1=" " ind2=" ">
    <subfield code="0">0</subfield>
    <subfield code="1">0</subfield>
    <subfield code="4">0</subfield>
    <subfield code="7">0</subfield>
    <subfield code="8">MANAGEMENT</subfield>
    <subfield code="a">JRU</subfield>
    <subfield code="b">JRU</subfield>
    <subfield code="c">SHELF-58-D</subfield>
    <subfield code="d">2016-05-21</subfield>
    <subfield code="e">PURCHASE</subfield>
    <subfield code="g">400.00</subfield>
    <subfield code="l">2</subfield>
    <subfield code="o">330.954</subfield>
    <subfield code="p">4014</subfield>
    <subfield code="r">2019-11-20 00:00:00</subfield>
    <subfield code="s">2019-11-20</subfield>
    <subfield code="w">2016-05-21</subfield>
    <subfield code="y">BK</subfield>
  </datafield>
  <datafield tag="952" ind1=" " ind2=" ">
    <subfield code="0">0</subfield>
    <subfield code="1">0</subfield>
    <subfield code="4">0</subfield>
    <subfield code="7">0</subfield>
    <subfield code="8">MANAGEMENT</subfield>
    <subfield code="a">JRU</subfield>
    <subfield code="b">JRU</subfield>
    <subfield code="c">SHELF-58-D</subfield>
    <subfield code="d">2016-05-21</subfield>
    <subfield code="e">PURCHASE</subfield>
    <subfield code="g">400.00</subfield>
    <subfield code="l">0</subfield>
    <subfield code="o">330.954</subfield>
    <subfield code="p">4015</subfield>
    <subfield code="r">2016-05-21 00:00:00</subfield>
    <subfield code="w">2016-05-21</subfield>
    <subfield code="y">BK</subfield>
  </datafield>
  <datafield tag="952" ind1=" " ind2=" ">
    <subfield code="0">0</subfield>
    <subfield code="1">0</subfield>
    <subfield code="4">0</subfield>
    <subfield code="7">0</subfield>
    <subfield code="8">MANAGEMENT</subfield>
    <subfield code="a">JRU</subfield>
    <subfield code="b">JRU</subfield>
    <subfield code="c">SHELF-58-D</subfield>
    <subfield code="d">2016-05-21</subfield>
    <subfield code="e">PURCHASE</subfield>
    <subfield code="g">400.00</subfield>
    <subfield code="l">0</subfield>
    <subfield code="o">330.954</subfield>
    <subfield code="p">4016</subfield>
    <subfield code="r">2016-05-21 00:00:00</subfield>
    <subfield code="w">2016-05-21</subfield>
    <subfield code="y">BK</subfield>
  </datafield>
  <datafield tag="952" ind1=" " ind2=" ">
    <subfield code="0">0</subfield>
    <subfield code="1">0</subfield>
    <subfield code="4">0</subfield>
    <subfield code="7">0</subfield>
    <subfield code="8">MANAGEMENT</subfield>
    <subfield code="a">JRU</subfield>
    <subfield code="b">JRU</subfield>
    <subfield code="c">SHELF-58-D</subfield>
    <subfield code="d">2016-05-21</subfield>
    <subfield code="e">PURCHASE</subfield>
    <subfield code="g">400.00</subfield>
    <subfield code="l">0</subfield>
    <subfield code="o">330.954</subfield>
    <subfield code="p">4017</subfield>
    <subfield code="r">2016-05-21 00:00:00</subfield>
    <subfield code="w">2016-05-21</subfield>
    <subfield code="y">BK</subfield>
  </datafield>
  <datafield tag="952" ind1=" " ind2=" ">
    <subfield code="0">0</subfield>
    <subfield code="1">0</subfield>
    <subfield code="4">0</subfield>
    <subfield code="7">0</subfield>
    <subfield code="8">MANAGEMENT</subfield>
    <subfield code="a">JRU</subfield>
    <subfield code="b">JRU</subfield>
    <subfield code="c">SHELF-58-D</subfield>
    <subfield code="d">2016-05-21</subfield>
    <subfield code="e">PURCHASE</subfield>
    <subfield code="g">400.00</subfield>
    <subfield code="l">1</subfield>
    <subfield code="o">330.954</subfield>
    <subfield code="p">4018</subfield>
    <subfield code="r">2019-11-08 00:00:00</subfield>
    <subfield code="s">2019-11-08</subfield>
    <subfield code="w">2016-05-21</subfield>
    <subfield code="y">BK</subfield>
  </datafield>
  <datafield tag="952" ind1=" " ind2=" ">
    <subfield code="0">0</subfield>
    <subfield code="1">0</subfield>
    <subfield code="4">0</subfield>
    <subfield code="7">0</subfield>
    <subfield code="8">MANAGEMENT</subfield>
    <subfield code="a">JRU</subfield>
    <subfield code="b">JRU</subfield>
    <subfield code="c">SHELF-58-D</subfield>
    <subfield code="d">2016-05-21</subfield>
    <subfield code="e">PURCHASE</subfield>
    <subfield code="g">400.00</subfield>
    <subfield code="l">0</subfield>
    <subfield code="o">330.954</subfield>
    <subfield code="p">4019</subfield>
    <subfield code="r">2016-05-21 00:00:00</subfield>
    <subfield code="w">2016-05-21</subfield>
    <subfield code="y">BK</subfield>
  </datafield>
</record>
